000 00724cam a22002413a 4500
001 21933
003 PGUSA
005 20140828083451.0
008 070625s2007||||xxu|||||s|||||000 | eng d
040 _aPGUSA
_beng
042 _adc
050 4 _aPR
100 1 _aLang, Andrew,
_d1844-1912
245 1 0 _aMuch Darker Days
_h[electronic resource] /
_cAndrew Lang
260 _bProject Gutenberg,
_c2007
500 _aA parody of Hugh Conway's novel: "Dark Days."
506 _aPublic domain in the USA.
516 _aElectronic text
653 _aConway, Hugh, 1847-1885. Dark days -- Parodies, imitations, etc.
830 0 _aProject Gutenberg
_v21933
856 4 0 _uhttp://www.gutenberg.org/ebooks/21933
942 _cEB
999 _c251188
_d251188